Fire and Water (Record no. 17972)

MARC details
000 -LEADER
fixed length control field 00705nam a2200253 a 4500
020 ## - INTERNATIONAL STANDARD BOOK NUMBER
ISBN 1570756
082 00 - DEWEY DECIMAL CLASSIFICATION NUMBER
Classification number 291.172
Author Cutter PIE
100 ## - MAIN ENTRY--AUTHOR NAME
Author name Pieris, Aloysius S J
245 ## - TITLE STATEMENT
Title Fire and Water
Sub title Basic Issues in Asian Buddhism and Christianity.
260 ## - PUBLICATION, DISTRIBUTION, ETC. (IMPRINT)
Place of publication New York
Name of publisher Orbis Books
Year of publication 1996
300 ## - PHYSICAL DESCRIPTION
Number of Pages 219p
500 ## - GENERAL NOTE
General note includes index and biblioraphy
505 2# - FORMATTED CONTENTS NOTE
Formatted contents note relations
650 ## - SUBJECT ADDED ENTRY--TOPICAL TERM
Topical Term Buddhism-Relations-Christianity
650 ## - SUBJECT ADDED ENTRY--TOPICAL TERM
Topical Term Interfaith Dialogue-Christian Buddh
942 ## - ADDED ENTRY ELEMENTS (KOHA)
Koha item type Books
700 1# -
-- Pieris, Aloysius S J
Holdings
Collection code Home library Current library Date acquired Cost, normal purchase price Full call number Accession Number Koha item type
  Henry Martyn Institute Library Henry Martyn Institute Library 07/17/2007 12.00 291.172 PIE 11000682 Books
                   Copyright © 2026 | Henry Martyn Institute | Hyderabad | TS-500052 | INDIA | Implemented by hmi.edu.in
Hit-Count:

Powered by Koha